000 00782nam a2200241 a 4500
001 BRCA_4410
005 20190320204648.0
008 170810s1996----mx-#######---#000-0#spa-#
020 _a968165000X
041 _aspa
050 4 _bS25 1996
100 1 _aSaitta, Armando
_911202
245 1 0 _aGuía crítica de la historia moderna
_cpor Armando Saitta ; traducción de Stella Mastrangelo.
260 _aMéxico
_bFCE
_c1996
300 _a262 p.
_c17 cm.
440 0 _aBreviarios del Fondo de Cultura Económica
_v483
_911203
500 _aTraducción de: Guida critica alla storia moderna
500 _aColección Sonia Corcuera de Mancera
650 1 4 _aHistoria moderna
_xHistoriografía
_911204
700 1 _aMastrangelo, Stella
_etr.
_94632
902 _aDSC
942 _2lcc
_cB
999 _c4120
_d4120